| 000 | 00326 a2200121 4500 | ||
|---|---|---|---|
| 001 | 142410 | ||
| 040 | _cLeonardo Da Vinci | ||
| 041 | _aPortuguês | ||
| 082 | _av151 | ||
| 245 |
_aOS SEGREDOS do corpo _bmetabolismo, músculos, mente humano, autópsia |
||
| 697 |
_aBiologia _aMetabolismo _aAutópsia _aCorpo Humano |
||
| 942 | _cVM | ||
| 999 |
_c142410 _d142410 |
||